[Event "New York op"]
[Site "New York"]
[Date "1998.03.19"]
[Round "6"]
[White "Milov, Vadim"]
[Black "Pigusov, Evgeny"]
[Result "1-0"]
[WhiteElo "2635"]
[BlackElo "2575"]
[Annotator "Tsesarsky,I"]
[PlyCount "132"]
[EventDate "1998.03.16"]
[EventType "swiss"]
[EventRounds "9"]
[EventCountry "USA"]
[SourceTitle "CBM 064"]
[Source "ChessBase"]
[SourceDate "1998.06.02"]
[SourceVersion "1"]
[SourceVersionDate "1998.06.02"]
[SourceQuality "1"]

1. c4 e6 2. Nc3 d5 3. d4 Nf6 4. cxd5 exd5 5. Bg5 c6 6. e3 Bf5 7. Qf3 Bg6 8.
Bxf6 Qxf6 9. Qxf6 gxf6 10. Nf3 Nd7 (10... Be7 11. Nh4 f5 12. Nf3 (12. g3 Bxh4
13. gxh4 f4 14. exf4 $132 (14. Bh3 $6 fxe3 15. fxe3 Nd7 16. Rg1 h6 17. Kd2 Nf6
18. Raf1 Ke7 $15 {Ryskin,A-Balashov,Y/Pinsk 1993/0-1 (50)})) 12... Nd7 13. g3
Nf6 14. h4 Bh5 15. Nd2 Rg8 16. a3 Ne4 17. Bh3 Nxd2 18. Kxd2 Bf3 19. Rhb1 Bg4
20. Bf1 Bf6 21. Bd3 f4 22. gxf4 $14 {1-0 Giorgadze,T-Glienke,M/Hannover 1983 
(43)}) 11. Nh4 (11. Be2 Nb6 12. Nd2 Bf5 (12... Kd7 13. h4 h5 14. Rc1 $14 (14.
e4 $6 dxe4 15. Ndxe4 Kc7 16. O-O Rd8 17. Rfd1 Bg7 $15 {Dao Thien Hai-Nielsen,P/
Budapest ExpFS FebGM 1993/1/2-1/2 (61)})) 13. O-O Be7 14. Rfe1 a5 15. Rac1 O-O
16. g4 Be6 17. f4 f5 18. g5 a4 $132 {Flear,G-Ruban,V/EUCup Gr1 Eupen 1994/1/
2-1/2 (47)}) (11. h4 h5 12. Kd2 Bd6 13. Ne1 Nf8 14. Nd3 Ne6 15. Rb1 a5 16. a3
Ke7 17. b4 Rhb8 18. Be2 Nf8 19. Rb3 axb4 20. axb4 Nd7 21. b5 $14 {0-1 Granath,
S-Hunt,H/WchJW-U16 Szeged 1994 (38)}) (11. Kd2 Nb6 12. b3 a5 13. Bd3 Bb4 14. a3
Bxc3+ 15. Kxc3 a4 16. b4 Bxd3 17. Kxd3 Nc4 18. Nd2 b5 19. Nxc4 dxc4+ 20. Ke4
$14 {1/2-1/2 Zilberman,Y-Bruk,O/ISR-ch Jerusalem 1996 (33)}) (11. g3 Nb6 12.
Nd2 Bd6 13. Bg2 O-O 14. O-O Rfe8 15. Rfd1 Rad8 16. Rac1 a5 17. Bf1 a4 $11 {
1-0 Ivanov Igor V-Mikhalchishin Adrian/Ch URS liga), Ashkhabad (Turkmenistan)
1978 (68)}) 11... Be7 12. g3 Nb6 13. f3 $14 (13. f4 f5 14. Bd3 Bxh4 15. gxh4
Ke7 16. Ne2 Ke6 17. Ng3 h6 18. b4 a6 19. Kd2 Nc8 20. a4 Nd6 21. h5 Bh7 22. Rhc1
Rhg8 $132 {Van der Sterren,P-Piket,J/Amsterdam OHRA-B 1988/1/2-1/2 (62)}) (13.
O-O-O f5 14. Ng2 h5 15. Bd3 Nc8 16. Ne2 Nd6 17. Nh4 O-O-O 18. Nf4 Rdg8 19. Kd2
Kd7 20. Ke2 Rh6 21. Rc1 $14 {Averbakh,Y-Damjanovic,M/Rijeka YUG-URS 1963/1-0 
(51)}) (13. Rd1 $5 Bb4 14. a3 Bxc3+ 15. bxc3 Na4 16. Kd2 b5 (16... Ke7 17. c4
dxc4 18. Bxc4 $14) 17. f3 O-O 18. g4 Nb2 19. Ra1 Nc4+ 20. Bxc4 bxc4 21. Nf5
Rab8 22. Rhb1 Rfe8 (22... Bxf5 23. gxf5 Rfe8 24. e4 $1 $14) 23. e4 Bxf5 (23...
Rb3 $2 24. Rxb3 cxb3 25. Kd3 h5 26. h3 Bxf5 27. gxf5 Rb8 28. Rb1 a5 29. a4 $16)
24. gxf5 $14 {1-0 Piket,J-Van der Sterren,P/Hoogovens, Wijk aan Zee NED 1998 
(33)}) 13... O-O (13... O-O-O 14. Bh3+ Kc7 15. Nf5 Rhe8 16. Kf2 Nc4 17. b3 Bb4
18. Nd1 Nd6 $132) 14. Kf2 Rfe8 15. Rd1 (15. Ng2 $14) 15... Nc8 (15... Bd6 16.
Ng2 $14) 16. Ng2 Nd6 17. h4 h5 18. Nf4 (18. g4 $6 hxg4 19. fxg4 Ne4+ 20. Nxe4
Bxe4 $132) 18... Bf8 19. Re1 (19. Rg1 $5) 19... Bh6 20. b3 (20. Bg2 Re7 21. Re2
Rae8 22. Rhe1 Bxf4 23. gxf4 f5 (23... Nf5 24. Bh3 Nxh4 25. e4 b5 26. f5 b4 27.
Nd1 $16) 24. b3 f6 $14) 20... Kg7 (20... Re7 21. Bh3 Rae8 22. Nfxd5 $1 cxd5 23.
Nxd5 Kf8 24. Nxe7 Rxe7 25. e4 $16) 21. Bg2 (21. Bh3 $5 Re7 22. Re2 Rae8 23.
Rhe1 $14) 21... Re7 22. Re2 Rae8 23. Rhe1 a5 (23... Nf5 24. Bh3 Bxf4 25. gxf4
Nxh4 26. e4 Bh7 27. f5 dxe4 28. fxe4 Kh6 29. Rg1 (29. Kg3 Kg5 30. Rf2 c5 31. d5
Re5 32. Rg1 (32. Rf4 Nxf5+ $1 $17) 32... Rxe4 33. Nxe4+ Rxe4 34. Kh2+ Kh6 35.
Rd1 Re8 36. d6 $16) 29... Rd8 30. Rd2 b5 31. b4 a5 32. a3 axb4 33. axb4 c5 34.
bxc5 b4 35. Nb5 Rxe4 36. Nd6 $14) 24. e4 $6 $11 (24. a4 $1 Nf5 25. Bh3 Bxf4 26.
gxf4 Nxh4 27. e4 Bh7 28. f5 dxe4 (28... Kh6 29. Kg3 $14) 29. fxe4 Kh6 30. Kg3
Kg5 31. Rf1 Rd8 32. Rd2 Red7 33. Ne2 b5 34. Rf4 $16) 24... dxe4 (24... Bxf4 25.
gxf4 $16) 25. fxe4 Rd8 $2 (25... b5 $1 26. e5 (26. a3 b4 27. axb4 axb4 28. Na2
Nb5 $132 (28... Nxe4+ 29. Kg1 f5 30. Nxb4 Rb7 31. Nxc6 Rxb3 32. Re3 $14)) 26...
fxe5 27. Rxe5 (27. dxe5 Nf5 $1 $15) 27... Nf5 (27... Rxe5 28. Rxe5 (28. dxe5
Nf5 $15) 28... Rxe5 29. dxe5 Bxf4 30. gxf4 Nf5 31. Bxc6 b4 32. Ne4 Nxh4 33. Nd6
Bb1 34. Nc4 Bxa2 35. Nxa5 Nf5 $11) 28. Bxc6 Rxe5 29. Rxe5 Rxe5 30. dxe5 Bxf4
31. gxf4 b4 $11) 26. Bf3 $16 Ne8 (26... Bxf4 27. gxf4 f5 28. e5 Ne4+ 29. Bxe4
$1 (29. Nxe4 fxe4 30. Bxe4 Rxd4 31. Rg1 (31. f5 Bxf5 32. Bxf5 Rf4+ $17) 31...
Kh6 32. Kf3 Bxe4+ 33. Rxe4 Rd2 34. Re2 $132 (34. f5 Rxa2 35. f6 Rd7 36. Rg7
Rad2 37. Kf4 b5 (37... Rf2+ 38. Ke3 Rfd2 39. Kf4 $11) 38. e6 fxe6 39. Rxd7 Rxd7
40. Ke5 Rd8 (40... Kg6 41. Kxe6 Rd1 42. Re5 Rf1 43. Rg5+ Kh7 44. f7 $18) 41.
Rf4 Kg6 42. f7 Kg7 43. Kxe6 Kf8 44. Rf5 Rd3 45. Rxh5 Re3+ 46. Kf6 (46. Kd6 Rxb3
47. Kxc6 a4 48. Rf5 a3 $19) 46... Rf3+ 47. Ke6 Rxf7 48. Rh8+ Kg7 49. Ra8 Rf3
50. Rxa5 Rxb3 51. Kd6 Rc3 $17)) 29... fxe4 30. Ke3 f5 (30... Red7 31. Rd1 (31.
Nxe4 Rxd4 32. Nd6 Rd3+ 33. Kf2 Rd7 34. Rg1 (34. f5 R7xd6 35. exd6 Bxf5 36. Re5
Kf6 37. Rxa5 Rxd6 $14) 34... Kh6 35. e6 $1 R7xd6 (35... fxe6 36. Rxe6 $18) 36.
e7 Rd8 37. exd8=Q Rxd8 $14) 31... f5 32. Rg2 $16) 31. Rg1 $16) 27. Rd1 Red7 28.
d5 cxd5 (28... Nc7 $6 29. Nxh5+ Bxh5 30. Bxh5 cxd5 31. Bg4 Rd6 32. exd5 Nxd5
33. Nb5 Rc6 34. Nd4 Rc1 35. Nf5+ Kh7 36. Rd3 $1 $18) (28... b5 29. a3 $2 (29.
Nxh5+ Bxh5 30. Bxh5 f5 31. exf5 (31. g4 b4 32. dxc6 Rxd1 33. Nxd1 fxg4 $132)
31... Nf6 32. Bf3 b4 33. Na4 cxd5 34. g4 $18) 29... b4 30. axb4 axb4 31. Na2 c5
32. Nxh5+ Bxh5 33. Bxh5 f5 34. exf5 Nf6 35. Bf3 Nxd5 36. g4 f6 37. Re6 Nf4 38.
Re7+ Rxe7 39. Rxd8 Nh3+ 40. Kf1 (40. Kg3 Re3 $15) 40... Re3 41. Bd5 Nf4 42. Bc4
Rf3+ 43. Ke1 Ng2+ 44. Ke2 Nxh4 $11) 29. Rxd5 Rxd5 30. Ncxd5 Nd6 (30... Bxf4 31.
gxf4 f5 32. e5 $16 (32. exf5 Bxf5 33. Bxh5 Rxd5 34. Rxe8 Be6 $14)) 31. e5 fxe5
(31... Bxf4 32. exf6+ Kh6 33. Nxf4 $16) 32. Rxe5 a4 $6 (32... Bxf4 33. Nxf4 b5
34. Nxh5+ Bxh5 35. Rxh5 (35. Bxh5 Kf6 $16) 35... f5 $16) 33. bxa4 Rc8 $2 $18 (
33... Ra8 $1 34. Nb6 Ra6 35. a5 Bxf4 36. gxf4 Kh6 37. a4 f6 38. Rd5 Nf5 39. Be2
(39. Rc5 Nd6 40. Rd5) 39... Ra7 40. Nd7 Kg7 41. Bxh5 Nxh4 42. Nc5 Kh6 43. Bxg6
Nxg6 44. Rd4 $16) (33... Kf8 34. Nxg6+ fxg6 35. Re7 Bc1 36. Rc7 Rc8 (36... Bb2
37. Nf4 $18) 37. Rd7 Rc2+ 38. Ke1 Ba3 39. Nf4 Ke8 40. Rg7 Bb4+ 41. Kd1 Rd2+ 42.
Kc1 Rxa2 43. Nxg6 $18) 34. Bxh5 Be4 35. Bd1 (35. Be2 $18) 35... Rc5 36. Bb3 (
36. Nh5+ Kf8 37. Nhf6 Kg7 38. Bb3 $18) 36... Bxf4 37. gxf4 Rc1 38. Rg5+ (38. h5
$18) 38... Kf8 39. Nf6 (39. h5 $18) 39... Bc6 40. Nh7+ (40. h5 $18) 40... Ke7
41. Re5+ Kd8 42. Ng5 (42. h5 $18) 42... f6 43. Re6 (43. Ne6+ Ke7 44. Rh5 Ne4+
45. Ke2 Ng3+ 46. Kd2 Rh1 47. Rh7+ Kd6 48. Nd8 $18) 43... Ne8 44. Nf3 Rh1 45. a5
$1 Bxf3 46. Kxf3 Rxh4 47. Ba4 Nc7 48. Rd6+ Kc8 49. Rxf6 (49. Bd7+ Kb8 (49...
Kd8 50. Bg4+ Ke8 51. Rxf6 $18) 50. Rxf6 $18) 49... Nd5 50. Rf8+ Kc7 51. Bb3 Ne7
52. Rf7 Kd6 53. Rf6+ Kc7 54. a6 bxa6 55. Rxa6 Rh1 56. Re6 Nc6 57. Re4 Kd6 58.
Kg4 Ne7 59. Rd4+ Kc6 60. Rd1 Rh2 61. Kg5 Nc8 62. Be6 Nd6 63. Rc1+ Kb5 64. Kf6 (
64. f5 $18) 64... Re2 65. f5 Rf2 66. Ke5 $4 (66. Re1 Nxf5 67. Re5+ $18) 66...
Nxf5 $11 (66... Nxf5 67. Bxf5 Rxa2 $11) 1-0

[Event "RUS-Cup4"]
[Site "Perm"]
[Date "1997.??.??"]
[Round "6"]
[White "Yakovich, Yuri"]
[Black "Bezgodov, Alexei"]
[Result "1/2-1/2"]
[WhiteElo "2575"]
[BlackElo "2570"]
[Annotator "Tsesarsky,I"]
[PlyCount "54"]
[EventDate "1997.02.02"]
[EventType "swiss"]
[EventRounds "9"]
[EventCountry "RUS"]
[SourceTitle "CBM 058"]
[Source "ChessBase"]
[SourceDate "1997.06.01"]
[SourceVersion "1"]
[SourceVersionDate "1997.06.01"]
[SourceQuality "1"]

1. d4 d5 2. c4 e6 3. Nc3 Be7 (3... Nf6 4. Bf4 c6 5. e3 Be7 6. Bd3 O-O 7. Nge2
c5 8. cxd5 exd5 9. O-O Nc6 {White's move!} 10. Bc2 $6 {1/2-1/2 Simson,
L-Strojna,J/WchJW-U12 Romania 1991 (28)} (10. dxc5 Bxc5 11. Rc1 $14)) 4. cxd5
exd5 5. Bf4 Nf6 6. e3 O-O 7. Bd3 c5 8. Nge2 Nc6 9. O-O {Black's move!} Bg4 (
9... cxd4 10. exd4 Bg4 11. h3 (11. f3 Be6 12. Qd2 Re8 13. Rad1 $14) 11... Bh5
$11 {1-0 Fraas,H-Kottusch,D/RLNN 1988 (40)}) (9... c4 10. Bb1 a6 11. Bg5 (11.
b3 b5 12. bxc4 bxc4 13. e4 $1 $132 {Azmaiparashvili,Z-Arlandi,E/Reggio
Emilia9293 1992/1-0 (47)}) 11... Ng4 (11... Ne8 12. Bxe7 Nxe7 13. Nf4 $14 {
Vezzosi,P-Arlandi,E/Reggio mem Chicco 1991/1/2-1/2 (53)}) 12. Bf4 Nf6 13. Ng3
b5 14. Nf5 b4 15. Na4 a5 16. Qf3 Bxf5 17. Bxf5 g6 18. Bc2 Nh5 19. Bh6 Ng7 20.
Rfd1 Bg5 21. Bxg5 Qxg5 22. Nb6 Rad8 23. Nxc4 Nxd4 24. Rxd4 dxc4 25. Rxc4 $16 {
Byrne,R-Schweber,S/Buenos Aires 1964/1/2-1/2 (61)}) 10. dxc5 (10. Qd2 Re8 11.
Rad1 cxd4 12. exd4 Rc8 13. f3 Be6 14. g4 $14 {1-0 Bode,U-Meyer,I/BL2-SW 1991 
(34)}) 10... Bxc5 11. h3 $14 Bxe2 12. Qxe2 d4 13. Ne4 Nxe4 14. Bxe4 Qe7 (14...
dxe3 15. Qh5 (15. fxe3 $5) 15... exf2+ 16. Kh1 f5 17. Bxf5 g6 18. Bxg6 (18.
Be6+ Kh8 (18... Kg7 19. Bh6+) 19. Qxc5 Rxf4 20. Rxf2 Rxf2 21. Qxf2 Qd4 22. Rf1
Rd8 $11) 18... hxg6 19. Qxg6+ Kh8 $11) 15. exd4 Nxd4 16. Qd3 g6 17. Rae1 {
[%cal Ge4g6]} Ne6 18. Be5 (18. Be3 $5 Rad8 19. Qb5 {[%csl Rb7]} Bxe3 20. Rxe3
$14) 18... Rad8 $11 {[%csl Rd4]} 19. Qf3 Bd4 20. Qg3 (20. Bxd4 Nxd4 21. Qe3 Qd7
$11) 20... Qb4 (20... Bxe5 21. Qxe5 Rd2 22. Rd1 Rfd8 23. Rxd2 Rxd2 24. Qc3 Rd8
25. Re1 b6 $11) 21. b3 Rfe8 (21... Bxe5 22. Qxe5 Rfe8 23. Bf3 Rd2 24. Re4 Qb6
25. Re2 $11) 22. Bxd4 Nxd4 23. Re3 Re7 (23... b5 24. Rfe1 a5 25. Qg5 Rd6 $1 26.
Kh2 (26. Bxg6 $2 Qxe1+ $1 $19) 26... Rde6 $11) 24. Qg5 Rde8 25. Bd5 Kg7 (25...
Rxe3 $2 26. fxe3 Ne6 27. Qf6 Qe7 28. e4 Qxf6 29. Rxf6 Re7 30. Bxe6 $5 fxe6 (
30... Rxe6 $4 31. Rxe6 fxe6 32. Kf2 Kf7 33. Ke3 e5 34. Kd3 Ke6 (34... b5 35.
Kc3 a5 36. a4 bxa4 37. bxa4 Kf6 38. Kc4 Kg5 39. g3 h5 40. Kd5 h4 41. gxh4+ Kf4
42. h5 gxh5 43. h4 $18) 35. Kc4 Kd6 36. Kb5 $18) 31. e5 Kg7 32. Kh2 (32. Kf2
Rf7 (32... Rc7 33. Rxe6 Rc2+ 34. Kf3 Rxa2 35. Re7+ Kh6 36. Rxb7 $16) 33. Rxf7+
Kxf7 34. Ke3 Ke7 35. Kd4 b6 36. Kc4 a6 37. a4 Kd7 38. a5 Kc6 39. axb6 Kxb6 $11)
32... a5 33. Kg3 (33. a4 h5 34. h4 b5 35. axb5 Rb7 36. Rxe6 Rxb5 $11) 33... b5
34. Kf4 Rf7 (34... a4 35. Ke4 axb3 36. axb3 Rc7 37. Rxe6 Rc3 38. Re7+ Kh6 (
38... Kg8 39. Rb7 Rxb3 40. Kd5 Rb2 41. g4 b4 42. e6 Rd2+ 43. Kc6 Rc2+ 44. Kd7
Rd2+ 45. Ke8 Rd4 46. e7 $18) 39. Rb7 Rxb3 40. e6 $16) 35. Rxf7+ Kxf7 36. Ke4
Ke7 37. Kd4 $18) 26. Bc4 (26. Kh1 h6 $1 $11 (26... Ne6 27. Qe5+ f6 28. Qg3 Qd2
29. Bxe6 Rxe6 30. Qc7+ (30. Rxe6 Rxe6 31. Qc7+ Kh6 32. Qf7 Re1 33. Qf8+ Kh5 34.
Qc5+ f5 35. Rxe1 Qxe1+ 36. Kh2 $11) 30... R8e7 31. Qxe7+ Rxe7 32. Rxe7+ Kh6 33.
Rxb7 Qxa2 $14)) 26... h6 27. Qd5 Nf5 1/2-1/2

[Event "FIDE-Wch k.o."]
[Site "Groningen"]
[Date "1997.12.13"]
[Round "2.4"]
[White "Milov, Vadim"]
[Black "Andersson, Ulf"]
[Result "1-0"]
[WhiteElo "2635"]
[BlackElo "2640"]
[Annotator "Tsesarsky,I"]
[PlyCount "93"]
[EventDate "1997.12.09"]
[EventType "k.o."]
[EventRounds "7"]
[EventCountry "NED"]
[SourceTitle "CBM 063"]
[Source "ChessBase"]
[SourceDate "1998.03.26"]
[SourceVersion "1"]
[SourceVersionDate "1998.03.26"]
[SourceQuality "1"]

1. d4 e6 2. c4 Nf6 3. Nc3 d5 4. cxd5 exd5 5. Bg5 c6 6. e3 Be7 7. Bd3 Nbd7 8.
Nge2 Nh5 9. Bxe7 Qxe7 10. g4 (10. Qd2 g6 11. O-O O-O 12. f3 Nb6 13. Rae1 Be6
14. e4 dxe4 15. fxe4 Rad8 16. h3 $13 {Gutman,L-ndersson,U/Wijk/1987/}) 10...
Nhf6 11. Ng3 (11. h3 Nb6 12. b3 Bd7 13. Qd2 g6 14. f3 h5 $6 15. g5 Ng8 16. h4
Qd6 17. e4 $14 {Gutman,L-Blauert/Bad Wörishofen/1990/ / /}) 11... g6 (11... h6
12. h3 Nb6 13. Qd2 Bd7 14. b3 g6 15. a4 a5 16. f3 $14 {Kasparov,G-Spassky,B/
Barcelona WCup/1989/ ->CBM 12}) 12. h4 $5 $146 (12. g5 Ng8 13. h4 h6 14. gxh6
Rxh6 (14... Ndf6 15. h5 Bg4 16. Be2 $5 (16. Qa4 $1 Bxh5 (16... Nxh5 17. Nxh5
Bxh5 18. Nxd5 $14) 17. Nxh5 Nxh5 (17... gxh5 18. h7 Nh6 19. Qc2 $16) 18. Nxd5
$14) 16... Bxe2 (16... Bxh5 17. Nxh5 Nxh5 18. Bxh5 gxh5 19. Rxh5 Rxh6 $14) 17.
Qxe2 Nxh5 (17... Rxh6 18. Qf3 (18. hxg6 Rxh1+ 19. Nxh1 fxg6 20. Rc1 $14) 18...
O-O-O $132) 18. Nxh5 gxh5 19. Rxh5 Rxh6 20. O-O-O $14 {1-0 Yakovich,
Y-Panchenko,A/URS-ch58 Moscow 1991 (54)}) 15. h5 Nf8 16. Qa4 Nf6 17. hxg6 Rxh1+
18. Nxh1 Nxg6 19. O-O-O Be6 20. Ng3 $14 {1/2-1/2 Yakovich,Y-Grosar,A/Sochi-B
1989 (49)}) (12. h3 Nb6 13. Qb3 (13. Qd2 $5) (13. Qe2 Bd7 14. O-O-O O-O-O 15.
Kb1 $14 {1/2-1/2 Shumiakina,T-Khurtsidze,N/Kishinev ztW 1995 (61)}) (13. Qc2
Be6 14. O-O-O O-O-O 15. Kb1 Kb8 16. Rc1 $14 {1-0 Gausel,E-Lauvsnes,A/Gausdal
International 1990 (34)}) 13... Be6 (13... Bd7 14. O-O-O $14 (14. a4 $5 Be6 15.
a5 Nc8 16. a6 Rb8 17. axb7 Rxb7 18. Qa4 O-O $14)) 14. g5 (14. a4 O-O 15. a5 Nc4
(15... Nc8 16. Qa3) 16. Bxc4 dxc4 17. Qa3 Qxa3 (17... Rfe8 18. Qxe7 Rxe7 19.
O-O-O $14) 18. bxa3 $5 (18. Rxa3 c5 $1 $10) 18... c5 $1 $132) 14... Ne4 15.
Bxe4 dxe4 16. Qa3 Qxg5 17. Ncxe4 $14) (12. Qf3 $5 {Polgar,Zsu Kasparov}) (12.
Qe2 Nb6 13. g5 Ng8 14. h4 h6 15. gxh6 Nxh6 16. h5 (16. O-O-O Be6 17. Kb1 (17.
h5 g5 18. Qc2 (18. Rhg1 O-O-O $132) 18... O-O-O 19. Kb1 Kb8 $132) 17... O-O-O
18. Rc1 Kb8 19. h5 g5 20. Qc2 Bg4 21. Rcf1 Bf3 22. Rhg1 Qf6 $132 {1/2-1/2
Moiseenko,A-Dobrovolsky,L/Ceske Budejovice op 1995 (59)}) 16... g5 17. O-O-O
$14 {0-1 Galliamova Ivanchuk,A-Vladimirov,E/Oviedo 1993 (41)}) 12... Nb6 13. g5
Ng8 (13... Ng4 14. Qd2 (14. Be2 h5 15. gxh6 Nxh6 16. h5 Nf5 17. Nxf5 (17. hxg6
Rxh1+ 18. Nxh1 fxg6 19. Qc2 Be6 20. O-O-O O-O-O $132) 17... Bxf5 $132) 14...
O-O 15. O-O-O $14) 14. Kd2 $5 $14 (14. Qf3 Be6 15. O-O-O O-O-O 16. Rdg1 h6 17.
Qf4 $14) 14... h6 (14... Be6 $14) (14... Bd7 $14) 15. f4 hxg5 (15... Qb4 16. b3
Bd7 17. h5 $1 hxg5 (17... gxh5 18. Qxh5 $16) 18. hxg6 Rxh1 19. gxf7+ Kxf7 20.
Qxh1 $16) 16. fxg5 $5 (16. hxg5 $14) 16... Be6 (16... f5 17. Nge2 Be6 18. Nf4
Bf7 19. h5 $1 $16) 17. Qf3 O-O-O (17... Rd8 18. Kc2 $14) 18. Nge2 (18. Raf1 Qb4
19. b3 (19. Kc1 Nc4 20. Bxc4 Qxc4 21. h5 gxh5 22. Nxh5 $132) 19... Ne7 20. Kc2
c5 $132) 18... Qd7 (18... Qb4 19. b3 $14) 19. a4 $5 Ne7 20. a5 Nc4+ (20... Na8
21. Na4 Bf5 (21... Bg4 22. Qf4) 22. Nc5 Qd6 23. Ra3 $5 $36) 21. Bxc4 dxc4 22.
a6 $2 (22. e4 Qd6 23. Kc2 $14) 22... b6 $2 (22... b5 $1 23. Nxb5 $5 (23. e4 b4
$1 (23... c5 24. d5 b4 25. Na4 (25. Kc1 Bg4 $19) 25... Nxd5 26. exd5 Bxd5 $19)
24. Na4 Bg4 $19) (23. Nf4 Bg4 (23... b4 24. Nce2 Bg4 25. Qg2 Nd5 $17) 24. Qg3
Bf5 $17) 23... Bd5 (23... cxb5 $2 24. Qa8+ Kc7 25. Qxa7+ Kc8 26. Qa8+ Kc7 27.
Qa7+ $11 (27. Qb7+ Kd6 28. Qe4 Qc6 $17)) 24. Nxa7+ Qxa7 25. e4 Be6 $17) 23. e4
Kb8 $6 (23... b5 24. Qf2 (24. Kc2 b4 25. Na4 Bg4 $19) 24... Qd6 $15) 24. Kc2
$132 Nc8 (24... b5 $5) 25. Rad1 (25. h5 gxh5 26. Rxh5 Rxh5 27. Qxh5 Bg4 28.
Qh2+ Nd6 29. Qf4 $132) 25... Nd6 26. Qf4 (26. Qg3 $144) 26... Ka8 27. Rd2 $6 (
27. d5 cxd5 28. Nxd5 Bg4 29. Rd2 Bxe2 30. Rxe2 $132) 27... Qc8 $5 (27... Ne8 $5
28. d5 (28. Qf2 Nc7 29. Ra1 Qc8 $17) 28... cxd5 29. exd5 $2 (29. Nxd5 Qa4+ (
29... Qb5 30. Qe5 Rf8 31. Rhd1 $40) 30. Kb1 Qxa6 31. Rhd1 Rb8 (31... Qb7 32.
Nxb6+ $18) (31... Kb7 32. Nd4 Bxd5 33. exd5 Nd6 34. Nc6 Rd7 35. Ne5 $14) (31...
Rc8 32. Ne7 Rb8 33. Qe5 Rxh4 34. Rd8 Qb7 35. Nc6 $1 $18) 32. Nd4 $1 $44) 29...
Bf5+ 30. Kc1 Nd6 (30... Qc8 31. Nd4 Qxa6 32. Nxf5 gxf5 33. Qxf5 $132) 31. Nd4
Qc8 32. Nxf5 gxf5 $17) 28. Ra1 (28. d5 $5 cxd5 29. Nxd5 Ne8 30. Rhd1 Bxd5 31.
Rxd5 Rxd5 (31... Nc7 32. Rxd8 Rxd8 33. Rxd8 Qxd8 34. Qxf7 Qd3+ 35. Kc1 Nxa6 36.
Qd5+ Qxd5 37. exd5 $18) 32. exd5 Qxa6 33. Nc3 $14) 28... Rhe8 29. Ng3 b5 30. d5
(30. h5 $2 b4 31. Nce2 gxh5 32. Nxh5 Nxe4 $1 $19) (30. Kb1 b4 31. Nce2 Nb5 32.
Ra4 c3 33. bxc3 bxc3 34. Rd3 Bc4 $1 35. Re3 (35. Rf3 Nxd4 36. Nxd4 (36. Rxc4
Nxf3 $19) 36... Rxd4 $19) 35... c5 36. d5 Qb8 37. Qxb8+ Rxb8 38. Kc1 Bxd5 39.
Nxc3 Be6 $17) 30... cxd5 31. Rad1 $2 (31. Nxd5 Bxd5 32. Rxd5 Nxe4 33. Rxd8 Qxd8
34. Rd1 Qa5 35. Nxe4 Qa4+ 36. Kc1 Qa1+ 37. Kc2 Qa4+ $11) 31... Qxa6 $17 32.
Nxd5 Bxd5 $5 (32... Qa4+ 33. Kb1 (33. Kc1 Bxd5 34. Rxd5 c3 35. bxc3 Qa3+ 36.
Kc2 b4 $19) 33... Bxd5 34. Rxd5 c3 $19) 33. Rxd5 Nb7 $2 (33... Qa4+ 34. Kc1 c3
35. bxc3 Qa3+ 36. Kc2 b4 $19) 34. Qxf7 $132 Qa4+ (34... b4 35. Rxd8+ Rxd8 36.
Rxd8+ Nxd8 37. Qd5+ Nc6 38. h5 gxh5 39. g6 $18) 35. Kb1 Rc8 (35... Qxd1+ 36.
Rxd1 Rxd1+ 37. Ka2 (37. Kc2 Red8) 37... Nd6 38. Qxg6 b4 39. Qh5 $8 b3+ 40. Ka3
Ra1+ 41. Kb4 Rb8+ 42. Kc3 (42. Kc5 c3 $19) 42... Rc1+ 43. Kd2 (43. Kd4 c3)
43... Rc2+ 44. Ke3 c3 $19) 36. Ne2 b4 37. R1d4 Rf8 $6 (37... Qc6 $132) 38. Rxc4
$1 Na5 $2 (38... Nc5 $1 39. Rdxc5 Rxf7 40. Rxc8+ Kb7 41. Nc1 a5 42. b3 Qd7 43.
R8c5 $132) 39. Rxc8+ $16 Rxc8 40. Rc5 $1 Rxc5 41. Qf8+ Kb7 42. Qxc5 Nb3 $2 (
42... Qd1+ 43. Nc1 Nc6 44. Qd5 Qxd5 45. exd5 Ne5 46. Ne2 $16 (46. h5 gxh5 47.
Nd3 Ng6 48. Nxb4 Nf4 $44)) 43. Qd5+ $18 Kb6 44. e5 (44. Nf4 $18) 44... Qa1+ 45.
Kc2 Nc5 46. Nd4 Qa4+ 47. Kd2 1-0